<?xml version="1.0" encoding="UTF-8"?>
<record
    xmlns:xsi="http://www.w3.org/2001/XMLSchema-instance"
    xsi:schemaLocation="http://www.loc.gov/MARC21/slim http://www.loc.gov/standards/marcxml/schema/MARC21slim.xsd"
    xmlns="http://www.loc.gov/MARC21/slim">

  <leader>00472nam a2200169Ia 4500</leader>
  <controlfield tag="008">230718s9999    xx            000 0 und d</controlfield>
  <datafield tag="020" ind1=" " ind2=" ">
    <subfield code="a">9788184896176</subfield>
  </datafield>
  <datafield tag="041" ind1=" " ind2=" ">
    <subfield code="a">eng</subfield>
  </datafield>
  <datafield tag="082" ind1=" " ind2=" ">
    <subfield code="a">006.3</subfield>
    <subfield code="b">LIU</subfield>
  </datafield>
  <datafield tag="100" ind1=" " ind2=" ">
    <subfield code="a">Liu B.</subfield>
    <subfield code="9">195924</subfield>
  </datafield>
  <datafield tag="245" ind1=" " ind2=" ">
    <subfield code="a">Web Data Mining</subfield>
    <subfield code="b">Exploring Hyperlinks, Contents, And Usage Data</subfield>
  </datafield>
  <datafield tag="260" ind1=" " ind2=" ">
    <subfield code="c">2010</subfield>
    <subfield code="b">Springer</subfield>
  </datafield>
  <datafield tag="300" ind1=" " ind2=" ">
    <subfield code="a">532</subfield>
  </datafield>
  <datafield tag="365" ind1=" " ind2=" ">
    <subfield code="c">Rs.</subfield>
    <subfield code="b">950.00</subfield>
  </datafield>
  <datafield tag="700" ind1=" " ind2=" ">
    <subfield code="a">Liu B.</subfield>
    <subfield code="9">195924</subfield>
  </datafield>
  <datafield tag="906" ind1=" " ind2=" ">
    <subfield code="d">O:0381504-Mar-2014B:41708-Jan-2014</subfield>
    <subfield code="c">COMP</subfield>
    <subfield code="b">237.5</subfield>
  </datafield>
  <datafield tag="999" ind1=" " ind2=" ">
    <subfield code="c">335663</subfield>
    <subfield code="d">335663</subfield>
  </datafield>
  <datafield tag="952" ind1=" " ind2=" ">
    <subfield code="0">0</subfield>
    <subfield code="1">0</subfield>
    <subfield code="4">0</subfield>
    <subfield code="7">0</subfield>
    <subfield code="a">CCEP</subfield>
    <subfield code="b">CCEP</subfield>
    <subfield code="d">2014-03-04</subfield>
    <subfield code="e">Vaibhav Book House</subfield>
    <subfield code="f">COMP</subfield>
    <subfield code="g">712.50</subfield>
    <subfield code="i">417</subfield>
    <subfield code="l">0</subfield>
    <subfield code="o">006.3</subfield>
    <subfield code="p">CCEP-BK-46870</subfield>
    <subfield code="r">2024-06-06 00:00:00</subfield>
    <subfield code="t">237.5</subfield>
    <subfield code="v">950.00</subfield>
    <subfield code="w">2014-01-08</subfield>
    <subfield code="y">BK</subfield>
    <subfield code="z">046870</subfield>
  </datafield>
</record>
